00732nam a2200169 a 450000100100000000500170001000800410002704000250006808200160009310000480010924500960015726000420025330000200029595201130031595201190042899900150054700000417520240315194914.0090720s2006 dr 000 0 spa d aDO-SdBNPbspacBNPHU axxxxbM813u1 aMontás, Juan Temístocles d1950-97967610aUna agenda para la modernización democrática del país /cJuan Temístocles Montás. aSanto Domingo :bAlfa & Omega,c2006. a39 p. ;c21 cm. 0010718PDaPDbPDcCTd2009-07-20iLF1l0oxxxx M813up4175-10r2020-06-25w2020-06-25yLFPDZNo se presta 0010718PDaPDbPDcCTd2011-04-13iLF1l0oxxxx M813up4175-20r2020-06-25te. 2w2020-06-25yLFPDZNo se presta c3990d3990